| 000 | 00894nam a2200241Ia 4500 | ||
|---|---|---|---|
| 003 | OSt | ||
| 005 | 20200909182720.0 | ||
| 008 | 191128s1982 ck fr 000 0 spa d | ||
| 040 |
_aCO-JMCR _cCO-JMCR |
||
| 041 | 0 | _aspa | |
| 082 | 0 | 4 |
_a364.133 / _bM657d _223 |
| 100 | 1 |
_aMontenegro Beltran, Calixto, _eautor _910074 |
|
| 245 | 1 | 0 |
_aDelitos contra la fe pública : _bcomentarios / _cCalixto Montenegro Beltran |
| 250 | _a1a. edición | ||
| 260 |
_aBogotá : _bEditorial Marca, _c1982 |
||
| 300 |
_a186 páginas ; _c23 cm. |
||
| 504 | _aBibliografía: página 183 | ||
| 505 | 0 | _aConcepto y noción de la fe pública -- Falsificación de la moneda -- Falsificación de sellos efectos oficiales y marcas --Falsedad en documentos | |
| 650 | 1 | 4 |
_aFalsificación de documentos _98202 |
| 650 | 1 | 4 |
_aDelitos _98808 |
| 650 | 1 | 4 |
_aDelitos contra la administración pública _9516 |
| 942 |
_2ddc _cBK |
||
| 999 |
_c5952 _d5952 |
||